• 首页
  • 本馆介绍
  • 公告通知
  • 最新文献
  • 馆藏检索
  • 电子资源
  • 读者导购
  • 参考咨询
  • 我的图书馆
  • 登录
  • 详细信息显示
  • 放入我的书架
  • 预约/预借图书
  • 作者相关作品
  • 分类相关作品
  • 丛书相关作品
  • 出版社相关作品

书目信息

  • 表格格式
  • 工作单格式
  • 卡片格式
题名:
侗族医药文化及侗族药物
    
 
作者: 袁涛忠 , 郭伟伟 主编
分册:  
出版信息: 贵阳   贵州科技出版社  2019.12
页数: 394页
开本: 29cm
丛书名:
单 册:
中图分类: R297.2
科图分类:
主题词: 侗族--dong zu--民族医学--中国
电子资源:
ISBN: 978-7-5532-0674-5
000 00923nam0 2200265 450
001 CAL 0120162051343
005 20230217093111.0
010    @a978-7-5532-0674-5@b精装@dCNY258.00
100    @a20200612d2019 em y0chiy0120 ea
101 0  @achi
102    @aCN@b520000
105    @aa a 001yy
106    @ar
200 1  @a侗族医药文化及侗族药物@Adong zu yi yao wen hua ji dong zu yao wu@f袁涛忠, 郭伟伟主编
210    @a贵阳@c贵州科技出版社@d2019.12
215    @a394页@c彩图@d29cm
300    @a国家出版基金项目
320    @a有书目 (第378页) 和索引
330    @a本书分为侗族医药概述、侗族药物文化及药物知识、侗族药用物种三部分。主要内容包括: 侗族 ; 侗族医药 ; 侗族原始社会的神灵主义医学观等。
606 0  @a侗族@Adong zu@x民族医学@y中国
690    @aR297.2@v5
701  0 @a袁涛忠@Ayuan tao zhong@4主编
701  0 @a郭伟伟@Aguo wei wei@4主编
801  0 @aCN@bBJXHZP@c20230228
905    @b1408177-9@dR297.2@e653@f3
    
    侗族医药文化及侗族药物/袁涛忠, 郭伟伟主编.-贵阳:贵州科技出版社,2019.12
    394页:彩图;29cm
    国家出版基金项目
    
    ISBN 978-7-5532-0674-5(精装):CNY258.00
    本书分为侗族医药概述、侗族药物文化及药物知识、侗族药用物种三部分。主要内容包括: 侗族 ; 侗族医药 ; 侗族原始社会的神灵主义医学观等。
●
相关链接 在E读中查询图书 在五车中查询图书 在当当中查询图书 在豆瓣中查询图书


正题名:侗族医药文化及侗族药物     索取号:R297.2/653         预约/预借

序号 登录号 条形码 馆藏地/架位号 状态 备注
1 1408177   214081777   第二样本阅览室/ [索取号:R297.2/653] 在馆    
2 1408178   214081786   第三借阅区/ [索取号:R297.2/653] 在馆    
3 1408179   214081795   第三借阅区/ [索取号:R297.2/653] 在馆    
唐山师范学院图书馆 欢迎您!
大连网信软件有限公司© 版权所有